Prijímanie zamestnancov do podniku bakalárska práca

Saved in:
Bibliographic Details
Main Author: Smaržíková, Jana
Corporate Author: Podnikovohospodárska fakulta EU so sídlom v Košiciach. Katedra manažmentu
Other Authors: Kravcová, Bibiana
Format: Book
Language:Slovak
Published: Košice 2012
Tags: Add Tag
No Tags, Be the first to tag this record!

MARC

LEADER 00000nbm a2200000 4500
001 0158597
005 20161109112001.1
041 0 |a slo 
044 |a SK 
245 1 0 |a Prijímanie zamestnancov do podniku  |b bakalárska práca  |c Jana Smaržíková ; školiteľ: Bibiana Kravcová 
264 1 |a Košice  |c 2012 
300 |a 48 s. 
100 1 |a Smaržíková, Jana 
700 1 |a Kravcová, Bibiana 
710 2 |a Podnikovohospodárska fakulta EU so sídlom v Košiciach. Katedra manažmentu